El segundo fray Antonio: ilmo. Sr. Dr. D. Pedro Loza y Pardave : poema en tres cantos /
I tiakina i:
| Kaituhi matua: | |
|---|---|
| Hōputu: | Pukapuka |
| Reo: | Pāniora |
| Ngā marau: | |
| Ngā Tūtohu: |
Kāore He Tūtohu, Me noho koe te mea tuatahi ki te tūtohu i tēnei pūkete!
|
MARC
| LEADER | 00000nam^a2200000^a^4500 | ||
|---|---|---|---|
| 001 | 000141661 | ||
| 005 | 20250526000000.0 | ||
| 009 | 20260310095622.142 | ||
| 037 | |a Acervo ITESO - Biblioteca | ||
| 041 | |a ESP | ||
| 082 | |a 861. |b ACA | ||
| 100 | |a Acal Ilisaliturri, Jesús |e (autor) | ||
| 245 | 1 | 3 | |a El segundo fray Antonio: ilmo. Sr. Dr. D. Pedro Loza y Pardave : |b poema en tres cantos / |c J. Acal Ilisaliturri. |
| 264 | |a Guadalajara, México : |b Imprenta de José Cabrera, |c 1899 | ||
| 300 | |a 23 p. ; |c 23.5 cm. | ||
| 649 | |a XX | ||
| 650 | |a Obispos de Guadalajara, Jalisco - |x Homenajes | ||
| 650 | |a Poesía Jalisciense | ||
| 650 | |a Poesía Mexicana | ||
| 650 | |a Literatura Jalisciense - |y Siglo XIX | ||
| 650 | |a Literatura Mexicana - |y Siglo XIX | ||
| 650 | |a Loza y Pardavé, Pedro | ||
| 910 | |a Fondo Salvador Reynoso Reynoso | ||
| 920 | |a Impresos - Libros | ||
| 930 | |a Libros Antiguos y Raros | ||
| 940 | |a Literatura | ||
| 905 | |a 108 | ||
| 901 | |a 0800015277 |b IT2 |c LRA |u 20250526 | ||
| 901 | |a 0500094516 |b IT2 |c LRA |u 20250526 | ||
| 902 | |a https://opac.biblio.iteso.mx/vufind/Record/000141661 | ||